| 000 | 00000nam##2200000za#4500 |
| 001 | 9.605993 |
| 003 | CaOODSP |
| 005 | 20210624212411 |
| 007 | cr ||||||||||| |
| 008 | 150406|1999||||xxc|||||o f|0| 0 fre|d |
| 040 | |aCaOODSP|bfre |
| 043 | |an-cn--- |
| 086 | 1 |aEn133-5/8-1999F-PDF |
| 110 | 2 |aTable ronde nationale sur l'environnement et l'économie (Canada) |
| 245 | 10|aPossibilité d'ajouter à un programme national d'échange de droits d'émission des sources d'émissions de GES qui ne proviennent pas de la combustion / |h[ressource électronique]|cPréparé par Cheminfo Services Inc. |
| 260 | |aOttawa - Ontario : |bTable ronde nationale sur l'environnement et l'économie |cJanvier 1999. |
| 300 | |a87p.|bréférences, tableaux |
| 490 | 1 |aDroits d'échange d'émission nationaux des gaz à effet de serre, série de documents techniques |
| 500 | |a«Ce document [...] a pour but d'évaluer les types de programmes nationaux d'échange de droits d'émissions de GES non liées à la combustion. [...] Les 15 secteurs de sources d'émissions abordés dans ce document représentent environ 99 p. 100 des émissions de GES attribuables à des sources non liées à la combustion dans l'inventaire des gaz à effet de serre de 1995 préparé par Environnement Canada.»--Introduction. |
| 520 | 3 |aCe document [...] a pour but d'évaluer les types de programmes nationaux d'échange de droits d'émissions de GES non liées à la combustion. [...] Les 15 secteurs de sources d'émissions abordés dans ce document représentent environ 99 p. 100 des émissions de GES attribuables à des sources non liées à la combustion dans l'inventaire des gaz à effet de serre de 1995 préparé par Environnement Canada.--Introduction |
| 590 | |a13-19-Supp|b2013-08-14 |
| 691 | 07|aEffet de serre|2gcpds |
| 691 | 07|aLutte contre la pollution|2gcpds |
| 691 | 07|aRéchauffement de la planète|2gcpds |
| 775 | 08|tPotential of including non-combustion sources of GHG emissions in a domestic emissions trading program / |w(CaOODSP)9.577183 |
| 776 | 0#|tPossibilité d'ajouter à un programme national d'échange de droits d'émission des sources d'émissions de GES qui ne proviennent pas de la combustion / |w(CaOODSP)9.625344 |
| 830 | #0|aDroits d'échange d'émission nationaux des gaz à effet de serre, série de documents techniques.|w(CaOODSP)9.503944 |
| 856 | 40|ahttp://publications.gc.ca|qPDF|s9470 Ko|uhttps://publications.gc.ca/collections/collection_2013/trnee-nrtee/En133-5-8-1999-fra.pdf |